000 01136nam a22003377a 4500
003 CHAP
005 20220329141525.0
008 971013s1989 r 00010 d
010 _a69544
011 _a70516
035 _a79997
040 _cCHAP
090 _aTesis
100 0 0 _aRojo Dueñas, Guillermina.
_999399
245 _aEnraizamiento de estacas de rosa garambullo (Rosa montezumae L.) con ethrel, raizane y diferentes posiciones
260 _aChapingo, Méx. :
_bEl autor,
_c1989
300 _a42 h.
_b; gráfs.
500 _a34-202
502 _aTesis (Ing. Agrónomo Esp. en Fitotecnia) -- UACH. Departamento de Fitotecnia
590 _aALEPH
_b10
_c20130110
_lUCH01
_h1408
590 _aBATCH-UPD
_b10
_c20130110
_lUCH01
_h1709
590 _aBATCH-UPD
_b10
_c20130410
_lUCH01
_h1055
590 _aBATCH-UPD
_b10
_c20130914
_lUCH01
_h1309
590 _aCONVERSION
_b10
_c20130109
_lUCH01
_h1338
650 1 4 _aEnraizamiento.
_937013
650 1 4 _aRosas
_xPropagación.
_999986
901 _aBK
942 _cFOLL
949 _bBC
_cTES
_d-32891
_eTS1
_h22156
_i79997
_si
949 _bBC
_cTES
_d-97346
_eTS2
_fc.2
_h22157
_i79997
_si
999 _c69544
_d69544